Women and labour in late colonial India : the Bengal jute industry /
| Egile nagusia: | |
|---|---|
| Formatua: | Liburua |
| Hizkuntza: | English |
| Argitaratua: |
Cambridge ; New York :
Cambridge University Press,
2006.
|
| Saila: | Cambridge studies in Indian history and society ;
3 |
| Gaiak: | |
| Sarrera elektronikoa: | Sample text Publisher description Table of contents |
| Classic Catalogue: | View this record in Classic Catalogue |
| LEADER | 01683nam a2200397 a 4500 | ||
|---|---|---|---|
| 001 | 41971 | ||
| 003 | BD-DhAAL | ||
| 005 | 20231204154643.0 | ||
| 008 | 231204t20061999enkb b 001 0 eng | ||
| 010 | |a 98038080 | ||
| 020 | |a 0521453631 (hardback) | ||
| 020 | |a 9780521035064 | ||
| 020 | |a 9780521453639 | ||
| 040 | |a DLC |c DLC |d DLC |d BD-DhAAL | ||
| 043 | |a a-ii--- | ||
| 050 | 0 | 0 | |a HD6190.B46 |b S457 1999 |
| 082 | 0 | 0 | |a 331.4095414 |2 21 |
| 100 | 1 | |a Sen, Samita. |9 55796 | |
| 245 | 1 | 0 | |a Women and labour in late colonial India : |b the Bengal jute industry / |c Samita Sen. |
| 260 | |a Cambridge ; |a New York : |b Cambridge University Press, |c 2006. | ||
| 300 | |a xviii, 265 pages : |b map ; |c 24 cm. | ||
| 490 | |a Cambridge studies in Indian history and society ; |v 3 | ||
| 500 | |a First Published 1999. | ||
| 504 | |a Includes bibliographical references (p. 248-263) and index. | ||
| 526 | |a GenEd | ||
| 541 | |a Book Finder International |e 41971 | ||
| 650 | 0 | |a Women |x Employment |z India |z Bengal. |9 55797 | |
| 650 | 0 | |a Women |z India |z Bengal |x Social conditions. |9 5840 | |
| 650 | 0 | |a Women |z India |z Bengal |x Economic conditions. |9 55798 | |
| 650 | 0 | |a Jute industry |z India |z Bengal. |9 55799 | |
| 856 | 4 | 1 | |3 Sample text |u http://www.loc.gov/catdir/samples/cam032/98038080.html |
| 856 | 4 | 2 | |3 Publisher description |u http://www.loc.gov/catdir/description/cam029/98038080.html |
| 856 | 4 | 1 | |3 Table of contents |u http://www.loc.gov/catdir/toc/cam022/98038080.html |
| 942 | |2 ddc |c BK | ||
| 999 | |c 46110 |d 46110 | ||
| 952 | |0 0 |1 0 |2 ddc |4 0 |6 331_409541400000000_SEN |7 0 |9 74843 |a SCL |b SCL |c GEN |d 2023-12-02 |e Book Finder International |g 5347.58 |l 0 |o 331.4095414 SEN |p 3020041971 |r 2023-12-02 |t 1 |v 5347.58 |w 2023-12-02 |y BK | ||